000 00644nam a2200181Ia 4500
008 151202s9999||||xx |||||||||||||| ||und||
082 _bPNVM-49355
100 _aगोगटे शकुंतला.
245 _aअसत्यम शिवम सुंदरम.
260 _b"मनोरमा प्रकाशन, पुणे."
260 _c2013
300 _a220
600 _aगोगटे शकुंतला.
630 _aअसत्यम शिवम सुंदरम.
700 _aगोगटे शकुंतला.
730 _aअसत्यम शिवम सुंदरम.
942 _cBOOK
999 _c1315257
_d1315254